Φορτώνει......

Library personalization /

Λεπτομέρειες βιβλιογραφικής εγγραφής
Κύριος συγγραφέας: Jeevan, V.K.J
Μορφή: Printed Book
Γλώσσα:English
Έκδοση: New Delhi: Ess Ess, 2007.
Θέματα:
LEADER 00548nam a2200157Ia 4500
008 121027s9999 xx 000 0 eng d
020 |a 8170005000 
082 |b JEE/L 
100 |a Jeevan, V.K.J. 
245 |a Library personalization / 
260 |a New Delhi:  |b Ess Ess,  |c 2007. 
300 |a 229 p. 
505 |a 1. User interest management system 2. Library personalization system 
653 |a Library personalization 
999 |c 57156  |d 57156 
952 |0 0  |1 0  |4 0  |6 025_040000000000000_JEE_L  |7 0  |9 57134  |a UL  |b UL  |c ST1  |d 2012-10-27  |l 0  |o 025.04 JEE/L  |p 82408  |r 2012-10-27  |y BK